Landlocked Countries by Continent - Statistics

General Stats
  • This quiz has been taken 3,059 times
  • The average score is 42 of 45
Answer Stats
Continent Country % Correct
Europe Andorra
97%
South America Bolivia
97%
South America Paraguay
97%
Africa Chad
96%
Asia Kazakhstan
96%
Europe Liechtenstein
96%
Europe Austria
95%
Europe Czech Republic
95%
Asia Kyrgyzstan
95%
Europe Luxembourg
95%
Asia Mongolia
95%
Asia Nepal
95%
Europe Slovakia
95%
Europe Switzerland
95%
Asia Tajikistan
95%
Asia Turkmenistan
95%
Asia Uzbekistan
95%
Asia Afghanistan
94%
Asia Bhutan
94%
Europe Hungary
94%
Europe Serbia
94%
Europe Vatican City
94%
Africa Central African Republic
93%
Africa Lesotho
93%
Africa Mali
93%
Africa Niger
93%
Europe San Marino
93%
Africa Zambia
93%
Africa Zimbabwe
93%
Europe Belarus
92%
Europe Kosovo
92%
Africa Rwanda
92%
Africa South Sudan
92%
Asia Armenia
91%
Africa Burkina Faso
91%
Asia Laos
91%
Africa Botswana
90%
Africa Burundi
90%
Europe Moldova
90%
Europe North Macedonia
90%
Africa Uganda
90%
Asia Azerbaijan
89%
Africa Eswatini
89%
Africa Ethiopia
86%
Africa Malawi
86%
No matching quizzes found
Score Distribution
Percent of People with Each Score
Percentile by Number Answered
Your Score History
You have not taken this quiz